| 000 | nam a22 7a 4500 | ||
|---|---|---|---|
| 999 |
_c233688 _d233688 |
||
| 003 | Nust | ||
| 005 | 20170310102842.0 | ||
| 008 | 170310b xxu||||| |||| 00| 0 eng d | ||
| 020 | _a9780718156374 | ||
| 040 | _cNust | ||
| 082 |
_a823.92 _bMAI |
||
| 100 | _aMaitland, Karen | ||
| 245 |
_a The falcons of fire and ice _cby Karen, Maitland |
||
| 260 |
_aLondon. _bPenguin _c2012. |
||
| 300 | _a498 p. | ||
| 650 |
_aIceland _vFiction |
||
| 942 |
_2ddc _cBK |
||